000 00431nam a22001697a 4500
001 2693
003 BD-DhBUF
005 20251014145745.0
008 251014b bg ||||| |||| 00| 0 ben d
040 _aBD-DhBUF
_cBD-DhBUF
100 _aCharles
245 _aTales from shakespeare /
_cCharles & Mary lamb
260 _aCalcutta :
_bRadha
_c1998
300 _a328p. :
_bxvi.
_c17cm. ;
700 _aLamb, Mary
_94079
942 _2ddc
_cBK
999 _c2693
_d2693